The dynamics of personal adjustment / (Record no. 55529)
[ view plain ]
| 000 -LEADER | |
|---|---|
| fixed length control field | 00892nam a2200265 a 4500 |
| 001 - CONTROL NUMBER | |
| control field | 55529 |
| 003 - CONTROL NUMBER IDENTIFIER | |
| rucl marc code | BD-RjUL |
| 005 - DATE AND TIME OF LATEST TRANSACTION | |
| control field | 20211209080258.0 |
| 008 - FIXED-LENGTH DATA ELEMENTS--GENERAL INFORMATION | |
| fixed length control field | 161119r19601955njua b 001 0 eng |
| 035 ## - SYSTEM CONTROL NUMBER | |
| System control number | (BD-RjUL) 55652 |
| 040 ## - CATALOGING SOURCE | |
| Original cataloging agency | DLC |
| Transcribing agency | DLC |
| Modifying agency | BD-RjUL |
| Language of cataloging | eng |
| 041 ## - LANGUAGE CODE | |
| Language code of text/sound track or separate title | eng |
| 082 00 - DEWEY DECIMAL CLASSIFICATION NUMBER | |
| Edition number | 23 |
| Classification number | 150 |
| Author mark and year | LED 1960 |
| 100 1# - MAIN ENTRY--PERSONAL NAME | |
| Personal name | Lehner, George F. J. |
| Fuller form of name | (George Frederick John), |
| Dates associated with a name | 1914- |
| 9 (RLIN) | 165397 |
| 245 14 - TITLE STATEMENT | |
| Title | The dynamics of personal adjustment / |
| Statement of responsibility, etc. | [by] George F. J. Lehner [and] Ella Kube. |
| 260 ## - PUBLICATION, DISTRIBUTION, ETC. (IMPRINT) | |
| Place of publication, distribution, etc. | Englewood Cliffs, N.J., |
| Name of publisher, distributor, etc. | Prentice-Hall |
| Date of publication, distribution, etc. | 1955 [Printing 1968] |
| 300 ## - PHYSICAL DESCRIPTION | |
| Pagination | xiv, 498 p. : |
| Illustrations | illus., ; |
| Size | 22 cm. |
| 490 0# - SERIES STATEMENT | |
| Series statement | Prentice-Hall psychology series |
| 504 ## - BIBLIOGRAPHY, ETC. NOTE | |
| Bibliography, etc | Includes bibliographies. |
| 650 #0 - SUBJECT ADDED ENTRY--TOPICAL TERM | |
| Topical term or geographic name as entry element | Adjustment (Psychology) |
| 9 (RLIN) | 165398 |
| Topical term or geographic name as entry element | Psychology |
| 9 (RLIN) | 165399 |
| Topical term or geographic name as entry element | Psychology, Applied |
| 9 (RLIN) | 124610 |
| 700 1# - ADDED ENTRY--PERSONAL NAME | |
| Personal name | Kube, Ella, |
| Relator term | joint author. |
| 942 ## - ADDED ENTRY ELEMENTS (KOHA) | |
| Source of classification or shelving scheme | Dewey Decimal Classification |
| Koha item type | Books |
| Lost status | Source of classification or shelving scheme | Damaged status | Not for loan | Collection code | Permanent Location | Current Location | Shelving location | Date acquired | Source of acquisition | Cost, normal purchase price | Total Checkouts | Full call number | Date last seen | Copy number | Koha item type |
|---|---|---|---|---|---|---|---|---|---|---|---|---|---|---|---|
| Dewey Decimal Classification | Non-fiction | Central Library, University of Rajshahi | Central Library, University of Rajshahi | 23/08/1962 | Mirga Book | 36.20 | 150 LED 1960 | 19/11/2016 | C-2 | Books |